[Event "163 Stay Safe Play From Home"]
[Site "T#646248Emanuel Laske"]
[Date "2020.05.22"]
[Round "3"]
[White "Mepe_Nika"]
[Black "Hoffentlichreichts"]
[Result "0-1"]
[WhiteElo "2325"]
[BlackElo "2365"]
[Annotator "TA"]
[PlyCount "134"]
[EventDate "2020.05.22"]
[EventType "swiss (blitz)"]

{[%evp 9,133,2,18,14,9,8,8,0,17,12,39,41,41,42,54,41,50,0,0,0,20,-40,-41,-84,-7,-7,-7,-7,0,0,0,0,0,0,67,0,9,-48,0,0,0,0,6,-14,0,0,17,0,116,0,244,0,162,0,218,-204,75,-181,-129,-161,-137,-2254,-691,-1190,-1025,-876,-370,-369,-369,-354,-226,-226,-223,-223,-223,-354,-216,-578,-570,-562,-544,-568,-522,-648,-372,-362,-415,-404,0,-910,0,-391,-366,-380,-380,-29977,-29978,-29987,-29988,-29990,-29990,-29993,-29992,-29992,-29993,-29993,-29994,-29998,-29994,-29994,-29993,-29993,-29993,-29995,-29994,-29998,-29995,-29995,-29996,-29997,-29997,-29997,-29996,-29997,-29996,-29999]} 1. e4 b6 2. d4 Bb7 3. Nc3 e6 4. f3 Bb4 5. Be3 Bxc3+ 6. bxc3 {B00: Queen's Fianchetto Defence, Nimzowitsch Defence.} d5 7. e5 Ne7 8. f4 {[#] The position is equal.} Nd7 $146 ({Predecessor:} 8... Qd7 9. Nf3 Nbc6 10. Bd3 O-O-O 11. O-O Na5 12. Qe2 h6 13. Rfb1 Rdg8 14. a4 f5 {0-1 (32) Lin,P (2056)-Peng,X (2422) Shenzhen 2018}) 9. Bd3 g6 10. Nf3 h5 11. O-O Nf5 12. Bxf5 exf5 13. Ng5 Nf8 14. Bf2 Ne6 15. Nxe6 (15. Bh4 $11 Qd7 16. Nxe6 Qxe6 17. Qd2) 15... fxe6 $15 16. Qe1 Ba6 ({Better is} 16... g5 $17 17. fxg5 Ba6) 17. Bh4 $11 Qd7 18. Rf3 Bc4 19. Rg3 Kf7 20. Bf6 Rhg8 21. a3 c5 (21... Qa4 $11) 22. Qd2 (22. a4 $14) 22... Rac8 23. Re3 (23. a4 $11) 23... cxd4 24. cxd4 Qa4 25. h3 Ba6 26. Rc1 Rc4 27. c3 Qxa3 28. Rc2 {Black must now prevent Ra2.} Qf8 (28... Qa5 $1 $11 {remains equal.}) 29. Qf2 (29. Ra2 $16 Qc8 30. Re1) 29... Qh6 $2 (29... Ra4 $11 {and Black stays safe.}) 30. g4 $2 (30. Ra2 $18) 30... hxg4 $2 (30... Rc7 $11 {and Black is okay.}) 31. hxg4 $2 ({White must play} 31. Ra2 $18) 31... fxg4 $2 (31... Ra4 $11) 32. Qg2 $4 {[%mdl 8192] [#]} (32. Ra2 $18) 32... Qh5 $2 ({Not} 32... Qxf4 $2 33. Rf2 $18) (32... Ra4 $1 $19 {[%cal Ra4a1] Threatens to win with ...Ra1+.} 33. Re1 Bd3) 33. Rg3 $2 {[%mdl 8192]} (33. Ra2 $16 {is necessary to keep the advantage.}) 33... Ra4 {White is on the road to losing.} (33... Rgc8 $19 34. Qd2 Qf5) 34. Rc1 Bc4 35. Bg5 $2 {[%mdl 8192]} (35. Rxg4 $17 Ra2 36. Qg3) 35... Ra2 (35... Rh8 $142 36. Bf6 Rh7) 36. Rc2 Ra1+ 37. Kf2 Qh1 (37... Rh8 $142 38. Ke3 Re1+ 39. Kf2 Rd1 40. Rxg4 Rh1) 38. Qxh1 $19 Rxh1 39. Rxg4 Rh2+ 40. Rg2 Rxg2+ 41. Kxg2 {[%mdl 4096] Endgame KRB-KRB} a5 42. Bf6 (42. Rc1 {was the only defense.}) 42... b5 43. Rb2 $2 (43. Kf3 {is a better chance.}) 43... a4 44. Rb1 a3 45. Ra1 a2 46. Kf2 Ra8 {aiming for ...Ra3.} 47. Ke3 Ra3 48. Kd2 Rb3 $2 (48... Ra4 $19 {Hoping for ...Ke8.} 49. Kc2 Ke8) 49. Kc2 $2 {[%mdl 8192] [#]} (49. Rxa2 $11 b4 50. Ra7+ Kg8 51. cxb4) 49... Ra3 $2 (49... Rb1 $1 $19 {[%mdl 512]} 50. Rxa2 (50. Rxb1 Bd3+) 50... Bxa2) 50. Bd8 $2 {[%mdl 8192]} (50. Kd2 $1 $11) 50... Ra4 51. Bb6 g5 52. Bc5 $2 (52. fxg5 $19 b4 53. Bc5 b3+ 54. Kb2) 52... gxf4 {Black mates.} 53. Kb2 f3 54. Rc1 f2 55. Bb4 f1=Q 56. Rxf1+ Bxf1 57. Ka1 Bc4 58. Kb2 Kg6 59. Ka1 Kf5 60. Bc5 Ke4 61. Bb4 Kd3 62. Ba3 Ra8 63. Bb2 Rf8 64. Ba3 Rf2 65. Bc1 {[#]} Rf1 $1 66. Kb2 {[#]} Rxc1 $1 {[%mdl 64] Deflection, Back Rank, Promotion} 67. Kxc1 a1=Q# {Accuracy: White = 43%, Black = 49%.} 0-1

[Event "163 Stay Safe Play From Home"]
[Site "T#646248Emanuel Laske"]
[Date "2020.05.22"]
[Round "3"]
[White "Lamborghini"]
[Black "SoulofWolf"]
[Result "1-0"]
[WhiteElo "2205"]
[BlackElo "2164"]
[Annotator "RC"]
[PlyCount "43"]
[EventDate "2020.05.22"]
[EventType "swiss (blitz)"]

1. e4 {[%emt 0:00:01]} e6 {[%emt 0:00:00]} 2. d4 {[%emt 0:00:01]} d5 {[%emt 0:00:00]} 3. Nc3 {[%emt 0:00:01]} Bb4 {[%emt 0:00:00]} 4. e5 {[%emt 0:00:01]} Bxc3+ {[%emt 0:00:01]} 5. Bd2 {[%emt 0:00:00]} Ne7 {[%emt 0:00:00]} 6. Bxc3 {[%emt 0:00:01]} c5 {[%emt 0:00:00]} 7. Nf3 {[%emt 0:00:02]} Nbc6 {[%emt 0:00:01]} 8. Qd2 {[%emt 0:00:01]} Qb6 {[%emt 0:00:02]} 9. dxc5 {[%emt 0:00:01]} Qxc5 {[%emt 0:00:00]} 10. O-O-O {[%emt 0:00:01]} Ng6 {[%emt 0:00:03]} 11. h4 {[%emt 0:00:01]} d4 {[%emt 0:00:06]} 12. Nxd4 {[%emt 0:00:01]} Ncxe5 {[%emt 0:00:03]} 13. Bb4 {[%emt 0:00:06]} Qd5 {[%emt 0:00:09]} 14. c4 {[%emt 0:00:02]} Qd8 {[%emt 0:00:04]} 15. Nb5 {[%emt 0:00:03]} Qxd2+ {[%emt 0:00:01]} 16. Rxd2 {[%emt 0:00:01]} f6 {[%emt 0:00:10]} 17. h5 {[%emt 0:00:01]} Kf7 {[%emt 0:00:00]} 18. hxg6+ {[%emt 0:00:01]} hxg6 {[%emt 0:00:00]} 19. Rxh8 {[%emt 0:00:02]} a6 {[%emt 0:00:00]} 20. Nd6+ {[%emt 0:00:02]} Ke7 {[%emt 0:00:03]} 21. Nxc8+ {[%emt 0:00:01]} Kf7 {[%emt 0:00:00]} 22. Nd6+ {[%emt 0:00:01] SoulofWolf poddaje siê (Lag: Av=0.33s, max=0.5s)} 1-0

[Event "163 Stay Safe Play From Home"]
[Site "T#646248Emanuel Laske"]
[Date "2020.05.22"]
[Round "3"]
[White "Fischer_11"]
[Black "Lazieri3"]
[Result "0-1"]
[WhiteElo "2043"]
[BlackElo "2114"]
[Annotator "NA RC"]
[PlyCount "102"]
[EventDate "2020.05.22"]
[EventType "swiss (blitz)"]

1. e4 {[%emt 0:00:01]} c6 {[%emt 0:00:00]} 2. d4 {[%emt 0:00:01]} d5 {[%emt 0:00:00]} 3. exd5 {[%emt 0:00:00]} cxd5 {[%emt 0:00:00]} 4. c4 {[%emt 0:00:00]} Nc6 {[%emt 0:00:00]} 5. Nc3 {[%emt 0:00:00]} Nf6 {[%emt 0:00:01]} 6. Nf3 {[%emt 0:00:01]} Bf5 {[%emt 0:00:01]} 7. c5 {[%emt 0:00:01]} e6 {[%emt 0:00:01]} 8. Bb5 {[%emt 0:00:01]} Be7 {[%emt 0:00:01]} 9. O-O {[%emt 0:00:01]} O-O {[%emt 0:00:01]} 10. Re1 {[%emt 0:00:01]} Qc7 {[%emt 0:00:03]} 11. Bd3 {[%emt 0:00:01]} Bxd3 {[%emt 0:00:01]} 12. Qxd3 {[%emt 0:00:00]} b6 {[%emt 0:00:01]} 13. Nb5 {[%emt 0:00:05]} Qb8 {[%emt 0:00:03]} 14. cxb6 {[%emt 0:00:10]} Qxb6 {[%emt 0:00:02]} 15. Bg5 {[%emt 0:00:02]} Nb4 {[%emt 0:00:02]} 16. Qe2 {[%emt 0:00:02]} Rfc8 {[%emt 0:00:07]} 17. b3 {[%emt 0:00:03]} Nc2 {[%emt 0:00:03]} 18. Rac1 {[%emt 0:00:09]} Nxe1 {[%emt 0:00:01]} 19. Rxe1 {[%emt 0:00:00]} Qa6 {[%emt 0:00:04]} 20. Nc3 {[%emt 0:00:02]} Qxe2 {[%emt 0:00:02]} 21. Nxe2 {[%emt 0:00:00]} Rc2 {[%emt 0:00:02]} 22. Nf4 {[%emt 0:00:02]} Rxa2 {[%emt 0:00:01]} 23. Nd3 {[%emt 0:00:00]} Rb8 {[%emt 0:00:02]} 24. Nfe5 {[%emt 0:00:00]} h6 {[%emt 0:00:01]} 25. h3 {[%emt 0:00:00]} hxg5 {[%emt 0:00:01]} 26. Nc6 {[%emt 0:00:01]} Rb7 {[%emt 0:00:01]} 27. Nxe7+ {[%emt 0:00:01]} Rxe7 {[%emt 0:00:00]} 28. Rb1 {[%emt 0:00:01]} Rc7 {[%emt 0:00:02]} 29. b4 {[%emt 0:00:00]} Ne4 {[%emt 0:00:01]} 30. f3 {[%emt 0:00:01]} Ng3 {[%emt 0:00:03]} 31. Nc5 {[%emt 0:00:00]} Nf5 {[%emt 0:00:02]} 32. b5 {[%emt 0:00:01]} Nxd4 {[%emt 0:00:01]} 33. b6 {[%emt 0:00:00]} axb6 {[%emt 0:00:01]} 34. Rxb6 {[%emt 0:00:00]} Rxc5 {[%emt 0:00:01]} 35. Rb8+ {[%emt 0:00:00]} Kh7 {[%emt 0:00:00]} 36. Rb2 {[%emt 0:00:00]} Rc2 {[%emt 0:00:00]} 37. Rxa2 {[%emt 0:00:00]} Rxa2 {[%emt 0:00:01]} 38. Kh2 {[%emt 0:00:00]} Nxf3+ {[%emt 0:00:00]} 39. Kg3 {[%emt 0:00:00]} Ne5 {[%emt 0:00:00]} 40. h4 {[%emt 0:00:00]} Rxg2+ {[%emt 0:00:01]} 41. Kxg2 {[%emt 0:00:01]} gxh4 {[%emt 0:00:00]} 42. Kh3 {[%emt 0:00:00]} d4 {[%emt 0:00:00]} 43. Kh2 {[%emt 0:00:00]} d3 {[%emt 0:00:00]} 44. Kh1 {[%emt 0:00:00]} d2 {[%emt 0:00:00]} 45. Kh2 {[%emt 0:00:00]} d1=Q {[%emt 0:00:00]} 46. Kh3 {[%emt 0:00:00]} Qd3+ {[%emt 0:00:00]} 47. Kxh4 {[%emt 0:00:01]} Qd2 {[%emt 0:00:00]} 48. Kg3 {[%emt 0:00:01]} Qe2 {[%emt 0:00:00]} 49. Kf4 {[%emt 0:00:00]} Qf3+ {[%emt 0:00:00]} 50. Kg5 {[%emt 0:00:00]} f6+ {[%emt 0:00:01]} 51. Kh4 {[%emt 0:00:00]} g5# {[%emt 0:00:00] (Lag: Av=0.50s, max=1.0s)} 0-1

[Event "163 Stay Safe Play From Home"]
[Site "T#646248Emanuel Laske"]
[Date "2020.05.22"]
[Round "3"]
[White "Victory_gm"]
[Black "Don59as"]
[Result "1-0"]
[WhiteElo "2018"]
[BlackElo "2002"]
[Annotator "NA RC"]
[PlyCount "81"]
[EventDate "2020.05.22"]
[EventType "swiss (blitz)"]

1. e4 {[%emt 0:00:15]} e5 {[%emt 0:00:02]} 2. Nc3 {[%emt 0:00:01]} Nc6 {[%emt 0:00:01]} 3. Bc4 {[%emt 0:00:00]} d6 {[%emt 0:00:01]} 4. d3 {[%emt 0:00:00]} Be7 {[%emt 0:00:00]} 5. f4 {[%emt 0:00:01]} Na5 {[%emt 0:00:01]} 6. Bb3 {[%emt 0:00:02]} Nxb3 {[%emt 0:00:01]} 7. axb3 {[%emt 0:00:00]} f5 {[%emt 0:00:00]} 8. Nf3 {[%emt 0:00:01]} Nf6 {[%emt 0:00:01]} 9. fxe5 {[%emt 0:00:01]} dxe5 {[%emt 0:00:00]} 10. Nxe5 {[%emt 0:00:00]} fxe4 {[%emt 0:00:01]} 11. dxe4 {[%emt 0:00:01]} Qxd1+ {[%emt 0:00:01]} 12. Kxd1 {[%emt 0:00:01]} Bg4+ {[%emt 0:00:01]} 13. Nxg4 {[%emt 0:00:03]} Nxg4 {[%emt 0:00:01]} 14. Ke2 {[%emt 0:00:01]} O-O {[%emt 0:00:01]} 15. Be3 {[%emt 0:00:02]} Nxe3 {[%emt 0:00:03]} 16. Kxe3 {[%emt 0:00:00]} Bc5+ {[%emt 0:00:01]} 17. Ke2 {[%emt 0:00:01]} Rf2+ {[%emt 0:00:01]} 18. Kd3 {[%emt 0:00:01]} Rd8+ {[%emt 0:00:01]} 19. Kc4 {[%emt 0:00:01]} Bb6 {[%emt 0:00:02]} 20. Rad1 {[%emt 0:00:01]} Rxd1 {[%emt 0:00:04]} 21. Rxd1 {[%emt 0:00:00]} Rxc2 {[%emt 0:00:02]} 22. e5 {[%emt 0:00:02]} Rxg2 {[%emt 0:00:02]} 23. e6 {[%emt 0:00:01]} Rg4+ {[%emt 0:00:02]} 24. Kd5 {[%emt 0:00:03]} Kf8 {[%emt 0:00:03]} 25. Rf1+ {[%emt 0:00:02]} Ke8 {[%emt 0:00:02]} 26. Rf7 {[%emt 0:00:01]} Rg5+ {[%emt 0:00:03]} 27. Ke4 {[%emt 0:00:01]} Rg6 {[%emt 0:00:02]} 28. Kf5 {[%emt 0:00:02]} Bd4 {[%emt 0:00:04]} 29. Nd5 {[%emt 0:00:02]} Rf6+ {[%emt 0:00:01]} 30. Nxf6+ {[%emt 0:00:01]} Bxf6 {[%emt 0:00:01]} 31. Rxc7 {[%emt 0:00:01]} Bxb2 {[%emt 0:00:02]} 32. Rxb7 {[%emt 0:00:01]} Bd4 {[%emt 0:00:01]} 33. b4 {[%emt 0:00:02]} Bb6 {[%emt 0:00:01]} 34. b5 {[%emt 0:00:01]} Bc5 {[%emt 0:00:03]} 35. Rxg7 {[%emt 0:00:01]} h5 {[%emt 0:00:03]} 36. Rh7 {[%emt 0:00:00]} Bb6 {[%emt 0:00:03]} 37. e7 {[%emt 0:00:01]} Bc5 {[%emt 0:00:01]} 38. Ke6 {[%emt 0:00:00]} Bxe7 {[%emt 0:00:01]} 39. Rxe7+ {[%emt 0:00:01]} Kd8 {[%emt 0:00:00]} 40. Rxa7 {[%emt 0:00:01]} Kc8 {[%emt 0:00:01]} 41. Rh7 {[%emt 0:00:00] Time (Lag: Av=0.56s, max=1.0s)} 1-0

[Event "163 Stay Safe Play From Home"]
[Site "T#646248Emanuel Laske"]
[Date "2020.05.22"]
[Round "3"]
[White "Haxhi Baha"]
[Black "Trotsky"]
[Result "1-0"]
[WhiteElo "1900"]
[BlackElo "1583"]
[Annotator "RC"]
[PlyCount "67"]
[EventDate "2020.05.22"]
[EventType "swiss (blitz)"]

1. e4 {[%emt 0:00:01]} c5 {[%emt 0:00:01]} 2. Nf3 {[%emt 0:00:01]} e6 {[%emt 0:00:00]} 3. d4 {[%emt 0:00:00]} d5 {[%emt 0:00:00]} 4. exd5 {[%emt 0:00:01]} exd5 {[%emt 0:00:00]} 5. Nc3 {[%emt 0:00:00]} Be6 {[%emt 0:00:01]} 6. Bd3 {[%emt 0:00:02]} Nc6 {[%emt 0:00:01]} 7. O-O {[%emt 0:00:01]} c4 {[%emt 0:00:00]} 8. Be2 {[%emt 0:00:03]} a6 {[%emt 0:00:00]} 9. Re1 {[%emt 0:00:01]} Qc7 {[%emt 0:00:00]} 10. a3 {[%emt 0:00:00]} O-O-O {[%emt 0:00:01]} 11. Ne5 {[%emt 0:00:00]} Bd6 {[%emt 0:00:01]} 12. Nxc6 {[%emt 0:00:01]} bxc6 {[%emt 0:00:00]} 13. Bf3 {[%emt 0:00:00]} h5 {[%emt 0:00:01]} 14. Be3 {[%emt 0:00:01]} Nf6 {[%emt 0:00:01]} 15. h3 {[%emt 0:00:00]} Ng4 {[%emt 0:00:01]} 16. Qd2 {[%emt 0:00:03]} Bh2+ {[%emt 0:00:01]} 17. Kh1 {[%emt 0:00:01]} Bg1 {[%emt 0:00:04]} 18. Kxg1 {[%emt 0:00:02]} Qh2+ {[%emt 0:00:01]} 19. Kf1 {[%emt 0:00:00]} Qh1+ {[%emt 0:00:01]} 20. Ke2 {[%emt 0:00:01]} Qh2 {[%emt 0:00:08]} 21. Rh1 {[%emt 0:00:01]} Qd6 {[%emt 0:00:02]} 22. Bf4 {[%emt 0:00:01]} Qe7 {[%emt 0:00:03]} 23. hxg4 {[%emt 0:00:01]} Bxg4+ {[%emt 0:00:01]} 24. Qe3 {[%emt 0:00:04]} Qd7 {[%emt 0:00:04]} 25. Bxg4 {[%emt 0:00:03]} hxg4 {[%emt 0:00:02]} 26. Rxh8 {[%emt 0:00:02]} Rxh8 {[%emt 0:00:01]} 27. Kd2 {[%emt 0:00:02]} Kb7 {[%emt 0:00:03]} 28. Qe5 {[%emt 0:00:01]} Rc8 {[%emt 0:00:04]} 29. Qd6 {[%emt 0:00:02]} Qf5 {[%emt 0:00:02]} 30. Re1 {[%emt 0:00:02]} g5 {[%emt 0:00:01]} 31. Re7+ {[%emt 0:00:01]} Kb6 {[%emt 0:00:01]} 32. Bg3 {[%emt 0:00:03]} Qh7 {[%emt 0:00:09]} 33. Na4+ {[%emt 0:00:01]} Ka5 {[%emt 0:00:03]} 34. Qc5+ {[%emt 0:00:01] Âðåìÿ (Lag: Av=0.49s, max=0.6s)} 1-0

[Event "163 Stay Safe Play From Home"]
[Site "T#646248Emanuel Laske"]
[Date "2020.05.22"]
[Round "3"]
[White "Lucknow"]
[Black "Frido-BBB"]
[Result "1-0"]
[WhiteElo "1858"]
[BlackElo "1688"]
[Annotator "NA RC"]
[PlyCount "67"]
[EventDate "2020.05.22"]
[EventType "swiss (blitz)"]

1. d4 {[%emt 0:00:01]} d6 {[%emt 0:00:01]} 2. c4 {[%emt 0:00:00]} c6 {[%emt 0:00:00]} 3. Nc3 {[%emt 0:00:01]} Qc7 {[%emt 0:00:00]} 4. e4 {[%emt 0:00:00]} Nf6 {[%emt 0:00:01]} 5. Nf3 {[%emt 0:00:00]} Bg4 {[%emt 0:00:02]} 6. Be2 {[%emt 0:00:00]} Nbd7 {[%emt 0:00:02]} 7. O-O {[%emt 0:00:01]} h6 {[%emt 0:00:00]} 8. Be3 {[%emt 0:00:01]} O-O-O {[%emt 0:00:00]} 9. h3 {[%emt 0:00:01]} Bh5 {[%emt 0:00:02]} 10. Qd2 {[%emt 0:00:01]} g5 {[%emt 0:00:02]} 11. Nh2 {[%emt 0:00:04]} Bg6 {[%emt 0:00:01]} 12. f3 {[%emt 0:00:02]} Nh5 {[%emt 0:00:01]} 13. Rfd1 {[%emt 0:00:02]} Ng3 {[%emt 0:00:01]} 14. Ng4 {[%emt 0:00:02]} Nxe2+ {[%emt 0:00:01]} 15. Qxe2 {[%emt 0:00:01]} h5 {[%emt 0:00:01]} 16. Nf2 {[%emt 0:00:00]} g4 {[%emt 0:00:01]} 17. d5 {[%emt 0:00:01]} gxh3 {[%emt 0:00:02]} 18. gxh3 {[%emt 0:00:00]} Bh6 {[%emt 0:00:03]} 19. Bxh6 {[%emt 0:00:02]} Rxh6 {[%emt 0:00:01]} 20. f4 {[%emt 0:00:00]} Rg8 {[%emt 0:00:01]} 21. Qe3 {[%emt 0:00:00]} Bxe4+ {[%emt 0:00:01]} 22. Kf1 {[%emt 0:00:02]} Bg2+ {[%emt 0:00:01]} 23. Ke2 {[%emt 0:00:02]} Nc5 {[%emt 0:00:01]} 24. Nce4 {[%emt 0:00:03]} Nxe4 {[%emt 0:00:02]} 25. Nxe4 {[%emt 0:00:00]} Bxe4 {[%emt 0:00:01]} 26. Qxe4 {[%emt 0:00:01]} Rhg6 {[%emt 0:00:01]} 27. Kd3 {[%emt 0:00:03]} Rg3+ {[%emt 0:00:01]} 28. Kc2 {[%emt 0:00:01]} Qa5 {[%emt 0:00:01]} 29. Rd2 {[%emt 0:00:00]} Qa4+ {[%emt 0:00:02]} 30. b3 {[%emt 0:00:03]} Qb4 {[%emt 0:00:02]} 31. dxc6 {[%emt 0:00:00]} f5 {[%emt 0:00:04]} 32. Qe6+ {[%emt 0:00:03]} Kb8 {[%emt 0:00:02]} 33. c7+ {[%emt 0:00:03]} Ka8 {[%emt 0:00:03]} 34. c8=Q+ {[%emt 0:00:01] Frido-BBB gibt auf (Lag: Av=0.56s, max=1.2s)} 1-0

[Event "163 Stay Safe Play From Home"]
[Site "T#646248Emanuel Laske"]
[Date "2020.05.22"]
[Round "3"]
[White "Ionutn28"]
[Black "Emresenar"]
[Result "1-0"]
[WhiteElo "1768"]
[BlackElo "1765"]
[Annotator "NA RC"]
[PlyCount "103"]
[EventDate "2020.05.22"]
[EventType "swiss (blitz)"]

1. e4 {[%emt 0:00:01]} b6 {[%emt 0:00:00]} 2. d4 {[%emt 0:00:01]} Bb7 {[%emt 0:00:00]} 3. Bd3 {[%emt 0:00:00]} d6 {[%emt 0:00:01]} 4. Nc3 {[%emt 0:00:00]} Nf6 {[%emt 0:00:00]} 5. Be3 {[%emt 0:00:00]} g6 {[%emt 0:00:02]} 6. Nf3 {[%emt 0:00:01]} Bg7 {[%emt 0:00:00]} 7. Qd2 {[%emt 0:00:00]} O-O {[%emt 0:00:00]} 8. O-O-O {[%emt 0:00:01]} Nbd7 {[%emt 0:00:02]} 9. h4 {[%emt 0:00:00]} h5 {[%emt 0:00:03]} 10. Bh6 {[%emt 0:00:01]} e5 {[%emt 0:00:03]} 11. Bxg7 {[%emt 0:00:01]} Kxg7 {[%emt 0:00:00]} 12. d5 {[%emt 0:00:01]} Nc5 {[%emt 0:00:01]} 13. Ng5 {[%emt 0:00:01]} Nh7 {[%emt 0:00:03]} 14. Nxh7 {[%emt 0:00:02]} Kxh7 {[%emt 0:00:00]} 15. f3 {[%emt 0:00:00]} Nxd3+ {[%emt 0:00:03]} 16. Qxd3 {[%emt 0:00:01]} Qf6 {[%emt 0:00:01]} 17. g4 {[%emt 0:00:01]} Qf4+ {[%emt 0:00:07]} 18. Kb1 {[%emt 0:00:01]} hxg4 {[%emt 0:00:02]} 19. fxg4 {[%emt 0:00:01]} Qxg4 {[%emt 0:00:01]} 20. Rdg1 {[%emt 0:00:03]} Qh5 {[%emt 0:00:02]} 21. Rg5 {[%emt 0:00:01]} Qh6 {[%emt 0:00:01]} 22. Qg3 {[%emt 0:00:01]} f6 {[%emt 0:00:02]} 23. Rg4 {[%emt 0:00:02]} Bc8 {[%emt 0:00:01]} 24. h5 {[%emt 0:00:02]} g5 {[%emt 0:00:07]} 25. Nb5 {[%emt 0:00:07]} Bxg4 {[%emt 0:00:02]} 26. Qxg4 {[%emt 0:00:00]} Rac8 {[%emt 0:00:03]} 27. Qf5+ {[%emt 0:00:01]} Kg7 {[%emt 0:00:01]} 28. Nxa7 {[%emt 0:00:01]} Ra8 {[%emt 0:00:02]} 29. Nb5 {[%emt 0:00:02]} Rf7 {[%emt 0:00:01]} 30. a3 {[%emt 0:00:03]} Rh8 {[%emt 0:00:00]} 31. Qg4 {[%emt 0:00:01]} Qh7 {[%emt 0:00:01]} 32. Nc3 {[%emt 0:00:01]} Qg8 {[%emt 0:00:01]} 33. h6+ {[%emt 0:00:01]} Kf8 {[%emt 0:00:01]} 34. Qc8+ {[%emt 0:00:02]} Ke7 {[%emt 0:00:01]} 35. Qxc7+ {[%emt 0:00:00]} Kf8 {[%emt 0:00:01]} 36. Qxd6+ {[%emt 0:00:01]} Re7 {[%emt 0:00:01]} 37. Qxf6+ {[%emt 0:00:01]} Ke8 {[%emt 0:00:01]} 38. Qxg5 {[%emt 0:00:04]} Qf8 {[%emt 0:00:00]} 39. Qg6+ {[%emt 0:00:01]} Qf7 {[%emt 0:00:01]} 40. Qxf7+ {[%emt 0:00:01]} Kxf7 {[%emt 0:00:00]} 41. Na4 {[%emt 0:00:01]} Kg8 {[%emt 0:00:00]} 42. Nxb6 {[%emt 0:00:01]} Kh7 {[%emt 0:00:00]} 43. Nc4 {[%emt 0:00:00]} Rf7 {[%emt 0:00:00]} 44. d6 {[%emt 0:00:01]} Rf6 {[%emt 0:00:00]} 45. d7 {[%emt 0:00:01]} Rd8 {[%emt 0:00:00]} 46. Nxe5 {[%emt 0:00:00]} Rxh6 {[%emt 0:00:00]} 47. Rxh6+ {[%emt 0:00:01]} Kxh6 {[%emt 0:00:00]} 48. c4 {[%emt 0:00:00]} Kg7 {[%emt 0:00:00]} 49. c5 {[%emt 0:00:00]} Rxd7 {[%emt 0:00:00]} 50. c6 {[%emt 0:00:00]} Rc7 {[%emt 0:00:01]} 51. Nd7 {[%emt 0:00:00]} Rxc6 {[%emt 0:00:00]} 52. b4 {[%emt 0:00:00] Zaman (Lag: Av=0.74s, max=1.1s)} 1-0

[Event "163 Stay Safe Play From Home"]
[Site "T#646248Emanuel Laske"]
[Date "2020.05.22"]
[Round "3"]
[White "Aktürk"]
[Black "Weltszmerc"]
[Result "0-1"]
[WhiteElo "1438"]
[BlackElo "1967"]
[Annotator "RC"]
[PlyCount "78"]
[EventDate "2020.05.22"]
[EventType "swiss (blitz)"]

1. e3 {[%emt 0:00:01]} Nf6 {[%emt 0:00:00]} 2. Qf3 {[%emt 0:00:00]} d5 {[%emt 0:00:00]} 3. Qg3 {[%emt 0:00:00]} c6 {[%emt 0:00:01]} 4. Bd3 {[%emt 0:00:00]} e6 {[%emt 0:00:01]} 5. b3 {[%emt 0:00:00]} Ne4 {[%emt 0:00:01]} 6. Bxe4 {[%emt 0:00:02]} dxe4 {[%emt 0:00:00]} 7. Bb2 {[%emt 0:00:01]} Nd7 {[%emt 0:00:01]} 8. h4 {[%emt 0:00:02]} Nf6 {[%emt 0:00:01]} 9. Qf4 {[%emt 0:00:02]} Bd6 {[%emt 0:00:03]} 10. Qg5 {[%emt 0:00:03]} O-O {[%emt 0:00:02]} 11. Bxf6 {[%emt 0:00:02]} Qxf6 {[%emt 0:00:01]} 12. Qxf6 {[%emt 0:00:01]} gxf6 {[%emt 0:00:00]} 13. Ne2 {[%emt 0:00:01]} f5 {[%emt 0:00:01]} 14. Nf4 {[%emt 0:00:01]} Be5 {[%emt 0:00:01]} 15. c3 {[%emt 0:00:03]} b5 {[%emt 0:00:01]} 16. Na3 {[%emt 0:00:01]} b4 {[%emt 0:00:01]} 17. Nc4 {[%emt 0:00:01]} Bh8 {[%emt 0:00:02]} 18. Rd1 {[%emt 0:00:03]} bxc3 {[%emt 0:00:01]} 19. dxc3 {[%emt 0:00:02]} Bxc3+ {[%emt 0:00:00]} 20. Kf1 {[%emt 0:00:02]} Ba6 {[%emt 0:00:00]} 21. Kg1 {[%emt 0:00:02]} Rfd8 {[%emt 0:00:02]} 22. Rxd8+ {[%emt 0:00:02]} Rxd8 {[%emt 0:00:02]} 23. Nh5 {[%emt 0:00:00]} Bxc4 {[%emt 0:00:02]} 24. bxc4 {[%emt 0:00:02]} Rd2 {[%emt 0:00:02]} 25. g4 {[%emt 0:00:01]} fxg4 {[%emt 0:00:02]} 26. Nf4 {[%emt 0:00:01]} Be5 {[%emt 0:00:03]} 27. h5 {[%emt 0:00:02]} Bxf4 {[%emt 0:00:01]} 28. exf4 {[%emt 0:00:01]} Rd1+ {[%emt 0:00:00]} 29. Kg2 {[%emt 0:00:02]} Rxh1 {[%emt 0:00:00]} 30. Kxh1 {[%emt 0:00:00]} f5 {[%emt 0:00:00]} 31. Kg2 {[%emt 0:00:00]} Kg7 {[%emt 0:00:00]} 32. Kg3 {[%emt 0:00:01]} Kh6 {[%emt 0:00:00]} 33. f3 {[%emt 0:00:01]} gxf3 {[%emt 0:00:02]} 34. Kf2 {[%emt 0:00:02]} Kxh5 {[%emt 0:00:00]} 35. a4 {[%emt 0:00:02]} Kg4 {[%emt 0:00:00]} 36. a5 {[%emt 0:00:00]} Kxf4 {[%emt 0:00:00]} 37. a6 {[%emt 0:00:01]} e3+ {[%emt 0:00:00]} 38. Ke1 {[%emt 0:00:02]} e5 {[%emt 0:00:00]} 39. c5 {[%emt 0:00:01]} e4 {[%emt 0:00:00] Aktürk terk eder (Lag: Av=0.85s, max=1.3s)} 0-1